| 000 | 00679cab a2200229 4500 | ||
|---|---|---|---|
| 001 | ABS58724 | ||
| 008 | 090401t1998 xxu||||| |||| 00| 0 eng d | ||
| 035 | _a(Sirsi) u86689 | ||
| 041 | _aeng | ||
| 100 | _aKirkwood, J. | ||
| 245 | _aBetween the sheets | ||
| 260 | _c1998 | ||
| 350 | _a0 | ||
| 490 |
_aEstates Gazette _v(9822) 30 May 1998, 64-65(2) |
||
| 520 | _aExplains the use of spreadsheets; when to design your own, and when a proprietary software package may be easier. | ||
| 650 | _aCOMPUTING | ||
| 650 | _aSOFTWARE PACKAGES | ||
| 650 | _aSPREADSHEETS | ||
| 690 | _aMANAGEMENT-BUSINESS MANAGEMENT-INFORMATION MANAGEMENT | ||
| 942 | _n0 | ||
| 948 | _c08/06/1998 | ||
| 999 |
_c54585 _d54585 |
||